000 01370nam a2200265 a 4500
999 _c10313
_d10313
001 10313
003 BD-JhCC
005 20220206091902.0
008 180423s2011 bg |||| |||| 000 0 mul d
020 _a9847010300208
035 _a(BD-JhCC)10313
040 _aBD-JhCC
_dBD-JhCC
041 _aBenglai & Arabic
082 _a305.40917671
_bSHU 2011
100 _aশুককাহ, আবদুল হালীম আবু
245 _aরসূলের স. যুগে নারী স্বাধীনতা :
_bকুরআনুল করীম এবং সহীহ বুখারী ও মুসলিমের সুস্পষ্ট হাদীসের ভিত্তিতে নারী সমস্যার বিস্তারিত বাস্তবভিত্তিক পর্যালোচনা /
_cআবদুল হালীম আবু শুককাহ ; আবদুল মান্নান তালিব [সম্পা :]
250 _a2nd
260 _aঢাকা :
_bবাংলাদেশ ইনস্টিটিউট অব ইসলামিক থ্যট;
_c২০১১.
300 _a349 P. :
_c22 cm.
504 _aIncluding Bibliographical Reference
650 _aMuslim Women
700 _aতালিব, আবদুল মান্নান
942 _2ddc
_cBK
_09